000 00865nam a2200241Ii 4500
003 JO-AjNU
008 230605s9999||||xx |||||||||||||| ||und||
017 _a2005/18110
020 _a977-342-224-7
040 _aJO-AjNU
_bara
_erda
_cJO-AjNU
041 _aara
050 1 4 _aHG5713.D38 2006
100 3 _aتأليف دوابه، اشرف محمد,
_eauthor
_944965
245 0 0 _a نحو سوق مالية إسلامية
250 _aط1
264 3 1 _aالقاهرة: دار السلام للطباعة والنشر والتوزيع، 2006
300 _a174ص
336 _atext
_btxt
_2rdacontent
337 _aunmediated
_bn
_2rdamedia
338 _avolume
_bnc
_2rdacarrier
490 0 _aسلسلة تبسيط الفكر الاسلامي في مجال التمويل والاستثمار ؛2
650 4 _aالبورصات - فقه اسلامي
_944966
999 _aA19457
_c23025
_d23025